000
00297 a2200133 4500
999
_c
324954
_d
324954
001
89881
003
NUST
082
_a
813.54 BRO
100
_a
Brown Dan
_9
9885
245
_a
Digital Fortress
260
_a
London
_b
Random House
_c
2004
300
_a
510p.
500
_a
General Books
942
_a
CAE NUST
_c
BK
_k
813.54 BRO
_2
ddc